| 000 | 01211nam a2200265Ia 4500 | ||
|---|---|---|---|
| 001 | 21801 | ||
| 005 | 20260320113313.0 | ||
| 008 | 260320s9999||||xx |||||||||||||| ||und|| | ||
| 020 | _a9786123226022 | ||
| 041 | _aESP | ||
| 082 |
_a346.5 _bE88 |
||
| 100 |
_aEspinoza Espinoza, Juan, _eAUT |
||
| 245 | 0 |
_aDerecho de las obligaciones _b |
|
| 246 |
_a _5 _b |
||
| 250 | _aPrimera edición | ||
| 260 |
_aLima : _bInstituto Pacífico, _c2025 |
||
| 300 |
_a1022 páginas : _b _c25 cm. _e |
||
| 440 |
_a _n _v |
||
| 650 | _aCIS | ||
| 653 | _aDerecho; Derecho civil; Derecho de las obligaciones | ||
| 654 | _aDER | ||
| 700 |
_a _c |
||
| 856 |
_uhttps://palestra-tirantonline-com.ucsp.lookproxy.com/base/per/biblioteca_virtual/9788410952232?general=derecho+de+las+obligaciones+&index=0&navigate_url=%2Fbase%2Fper%2Fbibliotecavirtual%2Fsearches%2Fnavigate%3Ftoken_id%3D690a181e6f4440000ba6949c&next_index=1&num_found=16309&pais=per&route=ser&search_type=bibliotecavirtual&search_url=%2Fbase%2Fper%2Fbibliotecavirtual%2Fsearches%3Findex%3D0%26token_id%3D690a181e6f4440000ba6949c&token_id=690a181e6f4440000ba6949c&tolgeo=latam _zVéase además: Derecho de obligaciones. Versión digital |
||
| 942 |
_cLIB _dJUS _fTRC _2ddc _n |
||
| 999 |
_c21801 _d21801 |
||